Eniten vs Vähiten yhdestä kaupungista riippuvaiset maakunnat - Statistics

Yleistilastot
  • Tätä visaa on pelattu 63 kertaa
  • Keskiarvotulos 8 / 10
Vastaustilastot
Maakunta
Osuus ilman
suurinta
% Oikein
Uusimaa 38,5%
98%
Lappi 37,5%
94%
Etelä-Karjala 58,4%
90%
Satakunta 39,3%
88%
Etelä-Pohjanmaa 35,2%
86%
Keski-Pohjanmaa 70,6%
84%
Kainuu 52,8%
82%
Keski-Suomi 54,4%
82%
Päijät-Häme 59,0%
70%
Ahvenanmaa 38,4%
64%
Ehtoja vastaavia visoja ei löytynyt
Tulosjakauma
Jokaisen tuloksen saaneiden osuus
Persentiili vastausten määrän mukaan
Tuloshistoriasi
Et ole pelannut tätä visaa